[Event "Parsvnath Open, New Delhi"]
[Site "?"]
[Date "2015.01.15"]
[Round "9.1"]
[White "Popov, Ivan"]
[Black "Mozharov, Mikhail"]
[Result "1/2-1/2"]
[WhiteElo "2622"]
[BlackElo "2557"]
[Annotator "Richard Palliser"]
[PlyCount "55"]
[EventDate "2015.01.09"]
[Source "ChessPublishing.com"]
[SourceDate "2015.02.03"]

{COPYRIGHT WARNING: This game has been prepared by Chess Publishing Ltd for the exclusive private use of guest users, and may not be redistributed in any way without the prior written consent of Chess Publishing Ltd.}

1. d4 Nf6 2. Bg5 Ne4 3. h4 $5 {Even long after the Trompowsky reign of Julian
Hodgson, this continues to carry some shock value.} c5 4. d5 ({The natural
advance, although} 4. dxc5 Qa5+ 5. Nd2 Nxg5 6. hxg5 g6 {is a pretty important
alternative, as we considered last year with the game Rapport-Damljanovic, 
Paracin Open 2014.}) 4... Qb6 {Mozharov continues to respond in the most
principled manner.} 5. Nd2 Nxg5 6. hxg5 Qxb2 7. g6 $5 ({A popular and tempting
choice, although as I've remarked before, I quite like} 7. e4 {, and if} g6 8.
Rb1 Qe5 9. Ngf3 Qc7 10. e5 $1 {, fighting hard to put White's early initiative
to good use.}) 7... fxg6 8. e3 Na6 ({A new move for us, if a better choice than
} 8... d6 9. Rb1 $1 Qc3 $6 10. Ne2 Qe5 $2 11. Nf4 {, which already leaves
Black in huge trouble.}) ({The text isn't completely ideal either though, so
perhaps Black should look deeper into} 8... Qe5 $5 {.}) 9. Rb1 Qxa2 $2 ({New
and overly greedy if you ask me. Previously, } 9... Qf6 {had been tried and by
one Ivan Popov no less:} 10. Ne4 ({simple development with} 10. Ngf3 $1 {
should be preferred, and after} Nb4 $5 ({Black can easily get into serious
difficulties here, as shown by} 10... d6 $2 11. Ne4 Qf5 12. Bd3 $1 {, which is
pretty much already decisive}) 11. Ne4 Qf5 12. a3 Qxe4 13. axb4 e6 14. Bd3 $1
Qxd5 15. c4 Qd6 16. Bxg6+ Kd8 17. Qe2 {White enjoys some initiative for his
pawns}) 10... Qf5 11. Bd3 $5 {(now this is pretty ambitious)} Qxd5 12. c4 Qc6
13. Nf3 $6 (13. a3 $1 {looks slow, but then again White does lead somewhat in
development, so why not?}) 13... d6 $2 (13... Nb4 $1 {would have been strong, 
and if} 14. Neg5 Nxd3+ 15. Qxd3 e5 $1 {, indirectly defending h7}) 14. Bc2 $1
Bd7 {and now in Lokander-Popov, European Club Cup, Bilbao 2014, the obvious}
15. Neg5 {would have left the Russian Grandmaster in huge trouble.}) 10. Bc4
Qa4 11. Bb5 $1 ({This feels strange, but driving the queen back to a5 does
seem to be the best way to obtain an early initiative. One point is to avoid} 
11. Bd3 Nb4 $1 {, and if} 12. Bxg6+ Kd8 13. Be4 g6 {when Black may not be
worse in the resulting extreme mess.}) 11... Qa5 12. Bd3 {As so often in this
variation, White finds a good way to exploit the half-open h-file.} d6 ({There
was little to be done about the threat. Black simply must accept that his king
will have to reside in the centre and trust in his extra pawns. Now} 12... Nb4
13. Bxg6+ Kd8 14. Qf3 {would just cover everything as c2 isn't attacked.}) 13.
Kf1 $5 ({Very creative, not to mention dangerous Popov's idea is Nc4 followed
by e4-e5. However, the text may not be best and we should certainly explore too
} 13. Bxg6+ Kd8 (13... hxg6 $2 14. Rxh8 Bf5 15. Kf1 {isn't a convincing
exchange sacrifice}) 14. Ne2 {, which looks like rather good compensation for
White. Indeed, after} Nc7 15. Nf4 {there is a simple threat of Bxh7 followed
by Ng6 and even the engines seem to quite like White.}) 13... Bf5 {Mozharov
seizes the chance to keep his third extra pawn. The text seems greedy and
obviously allows White to advance with tempo, but finding something better
isn't so easy.} 14. e4 Bd7 15. e5 $1 O-O-O ({This allows White a monster
central wedge, but} 15... dxe5 $2 16. Nc4 Qc7 17. Bxg6+ Kd8 18. Qf3 {would
have left Black in dire straights with such appalling coordination, }) ({and} 
15... Bf5 $5 16. Nc4 Bxd3+ 17. cxd3 Qc7 18. Nf3 {also looks like pretty
dangerous compensation with Ng5-e6 such a threat.}) 16. e6 $1 {One wonders
what the tall pawn on f8 made of this move.} Ba4 17. Ra1 $2 ({Very natural, 
but now Black is able to cement his bishop on a4, which helps him to keep
lines closed.} 17. Nc4 $1 Qc7 18. Nb2 $1 {is a hard move for a human to spot, 
but after} Be8 19. Bxa6 bxa6 20. Nf3 h6 21. Ng5 {White would have retained a
strong grip on the position. Indeed, when did you last see such a back rank?
Definite shades of Karpov-Kasparov, Linares 1993, indeed.}) 17... b5 18. Ngf3 {
Even here it's hard to believe that White isn't doing well. After all, all his
minor pieces can move and he has the c2-c4 break, but Mozharov now begins to
fight back.} g5 $1 {This is surprisingly awkward for White, if not a hard move
to grasp - Black must try to free his dark-squared bishop.} 19. Bg6 ({Popov
tries to keep the black kingside incarcerated. Instead, } 19. Nxg5 g6 20. Nf7
Bg7 {is hard to assess, but I'm no longer convinced that White has to be
better.}) 19... g4 20. Ng5 g3 $2 ({Black's last two moves were excellent, but
this is one too many with the eager pawn. Instead, } 20... Qc3 $1 {would have
blocked the c-pawn, tied the white queen down and generally been annoying.
After, say, } 21. Nf7 Nb4 22. Ne4 Qb2 {the silicon monster may not be wrong to
suggest that White should force a repetition with his queen's rook. Certainly}
23. Nxd8 Kxd8 24. Ng5 Qf6 25. Nf7+ Kc8 26. Nxh8 $2 g3 $1 27. f3 $2 Nxc2 {is
not what White wants to be doing.}) 21. Ra3 $1 {Not so much attacking g3, as
swinging the rook over to maintain the kingside bind.} gxf2 22. Nf7 Qb4 23. Rf3
Re8 $1 ({An only move, if not one which should have saved Black. Mozharov's
problem was} 23... Qd4 $2 24. Nxd8 Kxd8 25. Rxh7 Rxh7 26. Bxh7 Ke8 27. Bg6+ {
when the problem child on f8 must fall.}) 24. g3 $2 ({Far too sophisticated.} 
24. Be4 $1 {would have maintained control and finally threatened to snare the
rook in the corner. After} Rg8 25. Bxh7 Qb2 $1 26. Nb3 Nb4 {Black has some
counterplay, but does find himself a rook in arrears following} 27. Bxg8 Nxc2
28. Qc1 {. Yes, he has four pawns for it, but that bishop is still to defrost
on f8.}) 24... Qd4 25. Rf4 ({Now this hugely enjoyable scrap between two
Russian Grandmasters ends in a repetition.} 25. Be4 $5 {was a way to play on, 
but after} g5 26. Nxh8 Qxh8 27. Rxh7 Qe5 28. Rxf2 Bg7 {Black would surely have
been at least OK having finally solved his main problem.}) 25... Qe3 26. Rf3 (
26. Nxh8 hxg6 27. Rf3 Qd4 28. Rh4 $5 {was another try to keep going, but after}
Qb2 29. Rxa4 bxa4 30. Nxg6 Nb4 {the advanced a-pawn seems to save Black.})
26... Qd4 27. Rf4 Qe3 28. Rf3 1/2-1/2

[Event "Copa Latinoamericana, Duran"]
[Site "?"]
[Date "2014.12.27"]
[Round "3.1"]
[White "Bruzon Bautista, Lazaro"]
[Black "Hernandez, Jairo Andres"]
[Result "1-0"]
[WhiteElo "2668"]
[BlackElo "2306"]
[Annotator "Richard Palliser"]
[PlyCount "83"]
[EventDate "2014.12.26"]
[Source "ChessPublishing.com"]
[SourceDate "2015.02.03"]

1. d4 Nf6 2. Bg5 d6 3. Bxf6 exf6 4. e3 ({It's also very possible to begin with
} 4. c4 {: for instance, } f5 5. g3 g6 6. Nc3 Bg7 7. Bg2 O-O 8. e3 Nd7 9. Nge2
c6 10. b4 $5 {was covered by Eric in the game Lputian-Iuldachev, Abu Dhabi
2003.}) 4... Nc6 $6 ({This surely just misplaces the knight. Usually Black goes
} 4... g6 {when} 5. c4 f5 6. Ne2 Nd7 7. Nbc3 {is a position which can, of
course, also arise from a 2...g6 move order. In Novik-Heinola, Finnish League
2014, Black attempted to stir up some early counterplay with} Nf6 8. g3 c6 9.
Bg2 Bd7 10. O-O h5 $5 {, but White refused to panic and} 11. b4 $5 h4 12. b5
hxg3 13. hxg3 Bh6 14. Qd3 {(shoring up e3 and increasing White's hold over the
e4-square)} Kf8 15. a4 Kg7 16. a5 {left Novik's queenside play the dominant
feature of the position.}) 5. g3 {I'm informed that this was a novelty, but
the idea of fianchettoing on the kingside is, of course, extremely common in
such lines.} h5 6. h4 ({The obvious block and how White tends to respond to an
early ...h5 in practice. I do wonder, though, if Novik would have preferred} 6.
Nf3 $5 Bg4 7. Be2 {.}) 6... d5 {Losing a tempo with the d-pawn, but at least
obtaining some central control. Still, we might have to conclude that openings
aren't Senor Hernandez's forte.} 7. Nd2 ({Supporting c2-c4. Another
possibility was} 7. Bg2 Bg4 8. Ne2 Qd7 {and now} 9. a3 {might be a good choice, 
hinting at b2-b4 if Black goes long and also allowing White to break with Qd3
and c2-c4.}) 7... Bg4 {Hernandez continues to do his best to stir up some
trouble, but White doesn't mind an exchange of bishops.} 8. Be2 Qd7 9. c3 $1 ({
Solid and sensible. Instead, } 9. Bxg4 $2 hxg4 10. Ne2 Bd6 {would have given
Black the ...g7-g5 break, }) ({and} 9. c4 $2 dxc4 10. Nxc4 Qd5 {also creates
far more problems than Black should be able to.}) 9... Bd6 10. Qb3 Ne7 $5 ({
Black won't obtain quite enough for the pawn, but this was still a decent
practical try. Indeed, he would have continued to suffer from his inferior
structure in the event of something more solid like} 10... Be6 11. Bf3 Na5 12.
Qc2 g6 13. Ne2 {.}) 11. Qxb7 O-O 12. Qa6 $5 {I'm not entirely sure this was
better than retreating to b3, but it's nice to stay in touch with both the
bishop on e2 and the black a-pawn.} Rab8 13. b3 Bf5 ({Trying to trap the white
queen.} 13... Rb6 14. Bxg4 hxg4 15. Qd3 {surely doesn't give Black very much
for his pawn, }) ({but perhaps he might have striven to open lines with} 13...
c5 $5 {.}) 14. Bxh5 $1 {Greedy, but then again why not remove a second pawn?
Amazingly certain engines suggest Black isn't doing too badly, but I'm at a
loss to see how he isn't at least clearly worse.} c5 {Hard to criticise as
Black really had to open lines, but this does give White a fine square on d4.}
15. dxc5 $1 Bxc5 16. Ne2 Nc6 ({With} 16... Rb6 17. Qa4 Qxa4 18. bxa4 Rb2 19.
Nd4 {we do find the white queenside broken up, but the queens are off and he
remains both two pawns to the good and in control.}) 17. O-O Rb6 18. Qa4 Bd3 $1
{Hernandez is not bad at activating his pieces, but even this pin and the idea
of ...Qf5 will prove insufficient.} 19. b4 $1 {Beginning to drive Black back
while creating a way for the white queen to regroup.} Bd6 20. Qd1 ({If White
wanted to hang on to all his extra material, he might have gone} 20. Rfe1 $5 {
, and if} Qf5 21. Bf3 Ne5 22. Bg2 {when Black seems to come up short.}) 20...
Ne5 21. Nf4 $1 ({Fine judgement. Bruzon gives up the exchange, but will retain
a clear advantage by doing so. The text was far from forced, but White
certainly had to avoid} 21. Nb3 Rc8 22. Re1 $2 Be4 {when suddenly his kingside
would have looked rather vulnerable indeed.}) 21... Bxf1 22. Nxf1 Bb8 $1 {
Another good practical choice, clearing the d6-square for the rook should
White snaffle d5.} 23. Be2 ({Bruzon presumably disliked} 23. Nxd5 $5 Rd6 24. e4
f5 {, but after} 25. Nfe3 fxe4 26. Be2 {the knight is secure on d5 and c4-c5
is coming.}) 23... Rc8 $6 24. Rc1 $6 ({Hardly terrible, but I didn't like
Black's last on account of} 24. Nxd5 $1 Rd6 25. c4 $1 {when} Nxc4 $2 26. Bg4 {
is the key point, and if} f5 27. Bxf5 $1 {, although this sort of play is, of
course, much easier for a machine to spot.}) 24... Rd6 25. h5 $1 {Grabbing
some space. Bruzon is still doing pretty well, since he has two good pawns for
the exchange, a target on d5, control over the position and much the better
bishop.} g5 {As good a try as anything, but White doesn't even have to
exchange on g6.} 26. Nd3 $5 Qe7 27. Nc5 $6 ({A fine outpost, but White should
have been thinking about improved his worst-placed pieces. The knight on f1
does cover g3 and e3, but neither is really a target and} 27. Nd2 $1 f5 28. Nb3
{would have left White much better placed than in the game to hold off any
desperate attack.}) 27... f5 $1 {Black absolutely must hurl everything into
this attack.} 28. Qc2 Qf6 29. Rd1 $6 (29. f4 $5 {would have been radical and
weakened e3, but perhaps was required.}) 29... a5 $6 ({Missing a chance as now
White has the time to target d5. I've not been too impressed by White's play
over the past few moves and here} 29... g4 $1 {would have surrounded the pawn
he opted to leave on h5. After} 30. Nd2 Qg5 31. Bf1 Qxh5 32. Bg2 Rh6 33. Kf1 {
White isn't getting mated, but neither can he claim to better after} Bd6 {.})
30. Qb3 Ba7 31. Rxd5 {Bruzon might as well grab the pawn for his trouble.} Rxd5
32. Qxd5 Rd8 ({Natural, but one might also make a decent case for} 32... Bxc5
$5 33. bxc5 g4 $1 {and ...Qe7} (33... Qe7 34. f4 $1 {is awkward.})) 33. Qb7
Bxc5 34. bxc5 f4 $2 ({As we have seen Hernandez likes to attack, but this was
too impetuous. Instead, the calm} 34... Kg7 $1 {would have asked White exactly
how he intended to make progress: for example, } 35. f4 gxf4 36. exf4 Ng4 37.
Bc4 Rf8 {leaves the white king looking pretty open.}) 35. exf4 gxf4 36. Qe4 $1
{The queen returns to join in the defence. Not only can White beat off the
threats, but now he will also be able to begin making active use of his own
pieces.} f3 (36... Qg5 $5 37. Qxf4 Qxf4 38. gxf4 Nd3 {looks a bit strange, but
perhaps this was the best try, and if} 39. c6 Nxf4 40. Bg4 Ne6 {.}) 37. Bb5 Rc8
38. c6 $1 Qg5 ({Black suddenly finds himself badly short of a move, as if} 
38... Nxc6 $2 39. Qg4+ {.}) 39. Ne3 Kg7 $2 ({A time-trouble blunder, but even} 
39... Qxh5 40. Nd5 Kf8 41. c7 {surely wouldn't have seen Black survive.}) 40.
Nf5+ Kf6 41. Nd6 Qc1+ 42. Bf1 1-0

[Event "European Rapid Championship, Wroclaw"]
[Site "?"]
[Date "2014.12.21"]
[Round "8.9"]
[White "Aleksandrov, Aleksej"]
[Black "Inarkiev, Ernesto"]
[Result "0-1"]
[WhiteElo "2593"]
[BlackElo "2680"]
[Annotator "Richard Palliser"]
[PlyCount "70"]
[EventDate "2014.12.20"]
[Source "ChessPublishing.com"]
[SourceDate "2015.02.03"]

1. d4 Nf6 2. Bg5 d5 3. e3 c5 4. Bxf6 gxf6 5. Nc3 ({White rejects the
relatively trendy} 5. dxc5 {and prefers to take play into the realm of the
Veresov.}) 5... Nc6 6. Nge2 ({A new move for us, but not one which is hugely
promising from what I can see. Recently we considered} 6. dxc5 e6 7. Qh5 b6 $5
{in Gonda-Filippov, Croatian Team Championship 2014, }) ({while another recent
game saw} 6. a3 {. This prepares dxc5 and prevents any notion of ...Bb4, but
also feels rather slow and, indeed, } e6 7. Nf3 a6 8. Be2 cxd4 9. exd4 Bg7 (9...
Bh6 $5 10. Qd3 f5 {would be another set-up}) 10. O-O O-O 11. Re1 Qd6 {was
unbalanced and about equal in Raetsky-Kassis, Beirut 2014.}) 6... Bg4 7. h3 ({
Natural, if new. Unsurprisingly the Belorussian Grandmaster does much better
than} 7. dxc5 e6 8. f3 Bh5 9. Ng3 $2 Bg6 10. Bd3 Bxc5 11. Qd2 Qb6 {, which was
already something of a disaster for White in Barabas-Kele, Hungarian League
2000.}) 7... Bh5 8. Qd2 ({Naturally White should unpin. Aleksandrov does so
classically, but} 8. g4 $5 Bg6 9. f4 f5 10. Qd2 {might appeal to a more
creative type.}) 8... e6 9. dxc5 Bxc5 10. Nf4 Bg6 {White can deny Black the
bishop-pair whenever he needs to, but he has absolutely no advantage here.
Quite simply, Black's development has been too easy and it's tricky for White
to effect a powerful e3-e4 break.} 11. a3 Qe7 12. Be2 O-O-O ({Simple and
fairly sensible.} 12... d4 $5 13. exd4 Bxd4 14. O-O-O Rd8 {would have been a
more dynamic approach.}) 13. Nxg6 ({White's main problem is his lack of good
pawn breaks, something which quickly becomes obvious after} 13. b4 Bd6 14. O-O
Kb8 {when} 15. Nb5 $6 {is the move he wants to play, but} Bxf4 $1 16. exf4 e5 {
leaves Black doing well.}) 13... hxg6 14. O-O-O ({This runs into a central
rejoinder, so perhaps White had to take his chances in something more messy
like} 14. b4 $5 Bd6 15. Bb5 {. I suspect his best approach, though, would be
to go back to move 8, if not move 6, and deviate there.}) 14... d4 $1 {Highly
logical, opening lines for the dark-squared bishop and creating trouble down
the d-file.} 15. exd4 Nxd4 16. Kb1 {Now Black lacks a good discovery, but with
such a powerful knight he retains a definite edge.} f5 17. Bd3 ({Instead, } 17.
Na4 Nc6 $1 {hits f2 and after} 18. Qe1 Rxd1+ 19. Bxd1 Bd4 {it remains
difficult for White to fully shake off the nagging pressure.}) 17... a6 $1 {
Prudently preparing a retreat for the bishop. The next mini-plan will be to
improve the king and then activate the rooks.} 18. f4 {At least this prevents .
..e6-e5, but it does also create a potential dark-square weakness. In any case
White was struggling for counterplay.} Kb8 19. Rhe1 Rd6 {Here come the black
rooks and now Aleksandrov decided he couldn't put off moving his knight any
longer.} 20. Na4 ({Maybe this wasn't best, but the position must have been
pure hell for Aleksandrov. It's just not at all easy to see how White can
break out: for example, } 20. Ne2 Nxe2 21. Qxe2 Qc7 $1 22. c3 Rb6 {and a pawn
will fall on a3 or f4.}) 20... Ba7 21. c4 $6 {Desperate, and weakening.} Rhd8
22. c5 Rd5 {Not only is Inarkiev now hitting c5, but he threatens a nasty leap
with his knight.} 23. Bc4 Nf3 $1 24. Qe2 Nd2+ 25. Ka2 Rd4 {White has been
totally outplayed and won't be able to hold things together for much longer.}
26. Bb3 Qd7 27. Bc2 Qd5+ 28. Ka1 Bxc5 {There goes a pawn and without any of
the extreme pressure being relinquished.} 29. Nxc5 Qxc5 30. Rc1 Rc4 $1 {
Winning further material.} 31. Qd1 Nb3+ 32. Bxb3 Rxd1 33. Rcxd1 Rxf4 34. Rd7
Qb5 35. Rd8+ Kc7 0-1